Eines per a la participació ciutadana : bases, mètodes i tècniques / bases, mètodes i tècniques /
Descripción Física:
; 30 cm
Colección:
Papers de participació ciutadana ; 6
MARC
| LEADER | 00000nam a2200000Ia 4500 | ||
|---|---|---|---|
| 001 | 14658 | ||
| 008 | 160829s2002 xx 000 0 cat d | ||
| 080 | |a M-4-259 | ||
| 100 | |a Rebollo Izquierdo, Óscar |9 19714 | ||
| 245 | |a Eines per a la participació ciutadana : |b bases, mètodes i tècniques / |c Fernando Pindado, coordinador ; Óscar Rebollo Izquierdo, Joel Martí Olivé, [autors] | ||
| 260 | |a [Barcelona] : |b Diputació de Barcelona, Xarxa de Municipis, |c 2002 | ||
| 300 | |a ; |c 30 cm | ||
| 490 | |a Papers de participació ciutadana ; 6 | ||
| 590 | |a A la coberta: Flor de Maig, Centre per a la Participació Ciutadana | ||
| 650 | |a Administració local |x Participació ciutadana |9 27440 | ||
| 650 | |a Participació política |9 19716 | ||
| 650 | |a Participació social |9 19717 | ||
| 700 | |a Pinado, Fernando, coord. |9 19718 | ||
| 700 | |a Martí Olivé, Joel |9 19719 | ||
| 710 | |a Flor de Maig |9 54173 | ||
| 901 | |a Arxiu | ||
| 942 | |n 1 | ||
| 952 | |0 0 |1 0 |4 0 |6 M4259 |7 1 |9 41312 |a Arxiu |b Arxiu |d 2016-12-01 |l 0 |o M-4-259 |p 14658 |r 2016-12-01 00:00:00 |w 2016-12-01 |y ARXIU | ||
| 999 | |c 43095 |d 43095 | ||